| 000 | 00375nam a2200145 a 4500 | ||
|---|---|---|---|
| 001 | 2637 | ||
| 003 | CDMR | ||
| 005 | 20130116135233.0 | ||
| 008 | 130130s1984||||||||||||||||||||||||||||d | ||
| 040 |
_aCDMR _bcat _cCDMR |
||
| 100 | 1 |
_aBurri, René _91974 |
|
| 245 | 1 | 4 |
_aLos grandes fotógrafos _bRené Burri _cBURRI, René |
| 260 |
_aEsplugues de Llobregat _c1984 _bOrbis |
||
| 942 | _cMON | ||
| 999 |
_c2637 _d2637 |
||